Quick Pick: Zambian Borders Quiz Stats

 Plays Quiz Updated Jul 2, 2018

Challenge
Share
Tweet
Embed
Score 0/8 Timer 00:30
0 Plays Today
% Correct
Zimbabwe
81.1%
Democratic Republic of the Congo
77.2%
Botswana
74.3%
Mozambique
73.6%
Malawi
71.1%
Tanzania
65.1%
Angola
61.2%
Namibia
61%

Today's Daily Dose

Missing Word
No Snow!

Word Ladder
Wild Cats

On This Day
December 16th II

You're not logged in!

Compare scores with friends on all Sporcle quizzes.
OR
Log In

You Might Also Like...

Show Comments

Extras

Top Quizzes Today


Score Distribution

Your Account Isn't Verified!

In order to create a playlist on Sporcle, you need to verify the email address you used during registration. Go to your Sporcle Settings to finish the process.

Report this User

Report this user for behavior that violates our Community Guidelines.

Details: